000 00282nam a22001337a 4500
008 170914b xxu||||| |||| 00| 0 eng d
020 _a1894893131
041 _aeng
080 _a7
100 _a44
101 _aART
245 _aTHE ART OF MAYA
_cBUXTON,B
942 _2udc
_cBK
999 _c27712
_d27712